[Event "23. Torneo San Viator"]
[Site "Madrid ESP"]
[Date "2014.10.26"]
[Round "5.20"]
[White "Rodriguez Romero, Martin"]
[Black "Rodriguez Bittar, Karim Javier"]
[Result "0-1"]
[WhiteElo "1422"]
[BlackElo "1786"]
[PlyCount "60"]
[EventDate "2014.09.28"]
[EventType "swiss"]
[EventRounds "9"]
[EventCountry "ESP"]
[SourceTitle "Ajedrez en Madrid"]
[Source "lmi"]
[SourceDate "2014.09.28"]
[SourceVersion "1"]
[SourceVersionDate "2014.12.18"]
[SourceQuality "1"]

1. e4 e5 2. Nf3 Nc6 3. Bc4 Bc5 4. O-O Nf6 5. d4 exd4 6. e5 d5 7. exf6 dxc4 8.
Re1+ Be6 9. Ng5 Qd5 10. Nc3 Qf5 11. Nce4 Bb6 12. Nxf7 O-O 13. Nfg5 gxf6 14. Ng3
Qg4 15. Nxe6 Qxd1 16. Rxd1 Rfe8 17. Nf4 Nb4 18. c3 Nc2 19. Rb1 d3 20. b3 Rad8
21. bxc4 Rd7 22. Nd5 Kf7 23. Bf4 Na3 24. Nxb6 cxb6 25. Be3 Nxb1 26. Rxb1 Rc8
27. Rd1 Rxc4 28. Bd4 b5 29. Ne4 b4 30. Bxf6 Rxe4 0-1

[Event "23. Torneo San Viator"]
[Site "Madrid ESP"]
[Date "2014.10.26"]
[Round "5.21"]
[White "Garcia Ruido, Ricardo"]
[Black "Sirera Ripoll, Jose"]
[Result "1/2-1/2"]
[WhiteElo "2063"]
[BlackElo "1761"]
[PlyCount "121"]
[EventDate "2014.09.28"]
[EventType "swiss"]
[EventRounds "9"]
[EventCountry "ESP"]
[SourceTitle "Ajedrez en Madrid"]
[Source "lmi"]
[SourceDate "2014.09.28"]
[SourceVersion "1"]
[SourceVersionDate "2014.12.18"]
[SourceQuality "1"]

1. e4 c5 2. Nf3 d6 3. Bb5+ Bd7 4. Bxd7+ Qxd7 5. O-O Nf6 6. e5 dxe5 7. Nxe5 Qc7
8. Re1 Nc6 9. Nc4 b5 10. Ne3 g6 11. Nc3 Rb8 12. a4 b4 13. Ncd5 Nxd5 14. Nxd5
Qd6 15. Ne3 Bg7 16. d3 O-O 17. Nc4 Qc7 18. Bg5 f6 19. Bh4 Nd4 20. Bg3 e5 21. b3
Rfd8 22. Qd2 Rd7 23. f3 Nf5 24. Bf2 Bh6 25. Qe2 Nd4 26. Bxd4 Rxd4 27. Rf1 Qd7
28. Rae1 Re8 29. Rf2 Qd5 30. Qf1 Rd8 31. Rfe2 Kf7 32. Nb2 Rf4 33. Nd1 Qd4+ 34.
Nf2 Qc3 35. Ng4 Bg7 36. g3 Rfd4 37. Kh1 Kg8 38. Kg2 R4d5 39. Nf2 R5d7 40. Ne4
Qd4 41. Nd2 Qd5 42. Re4 Kf7 43. Nc4 Kg8 44. h4 Bh6 45. g4 Bf4 46. g5 f5 47.
R4e2 Re8 48. Nb2 Ree7 49. Nd1 Qd6 50. Nf2 Kg7 51. Nh3 Qd4 52. Qg1 Qxg1+ 53.
Rxg1 h6 54. Kf2 hxg5 55. hxg5 Kf7 56. Rge1 a5 57. Rh1 Kg7 58. Rhe1 Kf7 59. Kg2
Kf8 60. Kf2 Kf7 61. Kg2 1/2-1/2

[Event "23. Torneo San Viator"]
[Site "Madrid ESP"]
[Date "2014.10.26"]
[Round "5.22"]
[White "Rodriguez Lucena, Angel"]
[Black "Luque Ibanez, Manuel"]
[Result "0-1"]
[WhiteElo "1741"]
[BlackElo "1994"]
[PlyCount "100"]
[EventDate "2014.09.28"]
[EventType "swiss"]
[EventRounds "9"]
[EventCountry "ESP"]
[SourceTitle "Ajedrez en Madrid"]
[Source "lmi"]
[SourceDate "2014.09.28"]
[SourceVersion "1"]
[SourceVersionDate "2014.12.18"]
[SourceQuality "1"]

1. e4 c5 2. Nc3 Nc6 3. g3 Nf6 4. Bg2 e6 5. d3 Be7 6. f4 d5 7. e5 Nd7 8. Nf3 O-O
9. O-O f6 10. Re1 f5 11. Kh1 Nb6 12. Bd2 d4 13. Ne2 Nd5 14. c3 dxc3 15. bxc3
Rb8 16. d4 c4 17. h3 b5 18. g4 fxg4 19. hxg4 b4 20. Qc1 Ba6 21. f5 bxc3 22.
Nxc3 Nxc3 23. Bxc3 exf5 24. gxf5 Rxf5 25. Qc2 Rh5+ 26. Kg1 Nb4 27. Qe4 Bb7 28.
Qg4 Rh6 29. e6 Rg6 30. Qf4 Qf8 31. Qxf8+ Rxf8 32. Bxb4 Rxg2+ 33. Kxg2 Bxf3+ 34.
Kg3 Bxb4 35. e7 Bxe1+ 36. Rxe1 Re8 37. Kxf3 Kf7 38. Rc1 Rxe7 39. Rxc4 Kf6 40.
a4 g5 41. a5 h5 42. Rc6+ Re6 43. Rc7 Ra6 44. Rc5 Re6 45. Rc7 a6 46. Rb7 Kf5 47.
Rb6 g4+ 48. Kf2 h4 49. d5 Rf6 50. d6 Ke5+ 0-1

[Event "23. Torneo San Viator"]
[Site "Madrid ESP"]
[Date "2014.10.26"]
[Round "5.23"]
[White "Alonso Penalver, Angel"]
[Black "Vazquez Gonzalez, Francisco"]
[Result "0-1"]
[WhiteElo "1716"]
[BlackElo "1975"]
[PlyCount "60"]
[EventDate "2014.09.28"]
[EventType "swiss"]
[EventRounds "9"]
[EventCountry "ESP"]
[SourceTitle "Ajedrez en Madrid"]
[Source "lmi"]
[SourceDate "2014.09.28"]
[SourceVersion "1"]
[SourceVersionDate "2014.12.18"]
[SourceQuality "1"]

1. e4 e5 2. Nf3 Nc6 3. Bb5 f5 4. d3 fxe4 5. dxe4 Nf6 6. O-O Bc5 7. Bxc6 bxc6 8.
Nxe5 O-O 9. Qd3 Qe7 10. Qc4+ d5 11. exd5 cxd5 12. Qb5 Bd6 13. Nf3 Bg4 14. Re1
Qf7 15. Qd3 Qh5 16. Nc3 Bxf3 17. Qxf3 Qxh2+ 18. Kf1 Ne4 19. Nxe4 Rxf3 20. Nxd6
Rff8 21. Be3 Qxd6 22. c4 d4 23. Rad1 c5 24. b4 Qh2 25. Bd2 Qh1+ 26. Ke2 Qxg2
27. Kd3 Qg6+ 28. Re4 Rf3+ 29. Be3 dxe3 30. bxc5 exf2+ 0-1

[Event "23. Torneo San Viator"]
[Site "Madrid ESP"]
[Date "2014.10.26"]
[Round "5.24"]
[White "Del Noval Nemeshazi, Nesztor"]
[Black "Lopez Ziegler, Carlos"]
[Result "0-1"]
[WhiteElo "1686"]
[BlackElo "1954"]
[PlyCount "50"]
[EventDate "2014.09.28"]
[EventType "swiss"]
[EventRounds "9"]
[EventCountry "ESP"]
[SourceTitle "Ajedrez en Madrid"]
[Source "lmi"]
[SourceDate "2014.09.28"]
[SourceVersion "1"]
[SourceVersionDate "2014.12.18"]
[SourceQuality "1"]

1. e4 c5 2. Nf3 e6 3. d4 cxd4 4. Nxd4 a6 5. Be2 Nc6 6. O-O Qc7 7. Be3 Nf6 8.
Nc3 Bb4 9. f3 O-O 10. a3 Be7 11. g4 d6 12. h4 d5 13. g5 Qg3+ 14. Kh1 Bd6 15. f4
Qh3+ 16. Kg1 Qxe3+ 17. Kg2 Nxe4 18. Nxe4 Qxe4+ 19. Nf3 Qxf4 20. Qe1 Qg4+ 21.
Kh1 Qh3+ 22. Kg1 Bc5+ 23. Rf2 f6 24. Qc3 Qg3+ 25. Kh1 Bxf2 0-1

[Event "23. Torneo San Viator"]
[Site "Madrid ESP"]
[Date "2014.10.26"]
[Round "5.25"]
[White "San Felipe Asis, Raquel"]
[Black "Padin Lazaro, Jose Manuel"]
[Result "1/2-1/2"]
[WhiteElo "1660"]
[BlackElo "1922"]
[PlyCount "40"]
[EventDate "2014.09.28"]
[EventType "swiss"]
[EventRounds "9"]
[EventCountry "ESP"]
[SourceTitle "Ajedrez en Madrid"]
[Source "lmi"]
[SourceDate "2014.09.28"]
[SourceVersion "1"]
[SourceVersionDate "2014.12.18"]
[SourceQuality "1"]

1. e4 e6 2. d4 d5 3. Nd2 Nf6 4. e5 Nfd7 5. Bd3 c5 6. c3 Nc6 7. Ne2 cxd4 8. cxd4
f6 9. exf6 Nxf6 10. O-O Bd6 11. Nf3 Qc7 12. Re1 O-O 13. Ng3 Bd7 14. Qc2 Rac8
15. Ng5 Nxd4 16. Bxh7+ Kh8 17. Qd3 e5 18. Bd2 Bb5 19. Qg6 Be8 20. Qd3 Bb5
1/2-1/2

[Event "23. Torneo San Viator"]
[Site "Madrid ESP"]
[Date "2014.10.26"]
[Round "5.26"]
[White "Blanco Ruiz, Cesar"]
[Black "Marcos Herrero, Francisco"]
[Result "0-1"]
[WhiteElo "1657"]
[BlackElo "1918"]
[PlyCount "84"]
[EventDate "2014.09.28"]
[EventType "swiss"]
[EventRounds "9"]
[EventCountry "ESP"]
[SourceTitle "Ajedrez en Madrid"]
[Source "lmi"]
[SourceDate "2014.09.28"]
[SourceVersion "1"]
[SourceVersionDate "2014.12.18"]
[SourceQuality "1"]

1. d4 c5 2. d5 g6 3. e4 Bg7 4. Nc3 d6 5. f4 Nh6 6. Nf3 O-O 7. Bd3 f5 8. e5 a6
9. a4 Qc7 10. Qe2 Nd7 11. e6 Nb6 12. a5 Bxc3+ 13. bxc3 Nxd5 14. Bd2 b5 15. c4
bxc4 16. Bxc4 Bb7 17. Rb1 Ng4 18. Rb3 Ngf6 19. Ng5 Rfb8 20. h4 h5 21. Rg3 Nb4
22. Bc3 Ng4 23. Nf7 Qc6 24. Rxg4 fxg4 25. f5 Qxg2 26. Rh2 Qg1+ 27. Kd2 Bf3 28.
Qf2 Qd1+ 29. Ke3 d5 30. Be2 d4+ 31. Kf4 Bxe2 32. Bxd4 cxd4 33. Qxe2 Qxe2 34.
Rxe2 gxf5 35. Nh6+ Kf8 36. Kg3 Rb5 37. Kg2 Nd5 38. Rd2 Nf4+ 39. Kh2 Nxe6 40.
Rf2 Ke8 41. Re2 Kd7 42. Kg3 Nf4 0-1

[Event "23. Torneo San Viator"]
[Site "Madrid ESP"]
[Date "2014.10.26"]
[Round "5.27"]
[White "Sierra Bermejo, Gregorio"]
[Black "Garcia Martin, Esteban"]
[Result "0-1"]
[WhiteElo "1654"]
[BlackElo "1917"]
[PlyCount "68"]
[EventDate "2014.09.28"]
[EventType "swiss"]
[EventRounds "9"]
[EventCountry "ESP"]
[SourceTitle "Ajedrez en Madrid"]
[Source "lmi"]
[SourceDate "2014.09.28"]
[SourceVersion "1"]
[SourceVersionDate "2014.12.18"]
[SourceQuality "1"]

1. e4 e5 2. Nf3 Nc6 3. Bb5 a6 4. Ba4 Nf6 5. O-O Be7 6. Bxc6 dxc6 7. d3 Bg4 8.
h3 Bh5 9. g4 Bg6 10. Nxe5 Qd6 11. Bf4 Qe6 12. Nd2 O-O-O 13. Re1 Nd7 14. Ndc4 f6
15. Nxd7 Qxd7 16. Qf3 h5 17. Ne3 Bf7 18. Nf5 Bc5 19. g5 g6 20. Nh4 fxg5 21.
Bxg5 Rdf8 22. Bf6 Be6 23. e5 Rhg8 24. Ng2 g5 25. Qxh5 g4 26. h4 g3 27. Ne3
gxf2+ 28. Kxf2 Bg4 29. Qh6 Qf5+ 30. Kg1 Bh3+ 31. Kh2 Qf2+ 32. Kh1 Bg2+ 33. Kh2
Bf1+ 34. Kh1 Qg1# 0-1

[Event "23. Torneo San Viator"]
[Site "Madrid ESP"]
[Date "2014.10.26"]
[Round "5.29"]
[White "Castro Uceda, Jose Antonio"]
[Black "Aguilera Lopez, Alejandro"]
[Result "0-1"]
[WhiteElo "1582"]
[BlackElo "1867"]
[PlyCount "116"]
[EventDate "2014.09.28"]
[EventType "swiss"]
[EventRounds "9"]
[EventCountry "ESP"]
[SourceTitle "Ajedrez en Madrid"]
[Source "lmi"]
[SourceDate "2014.09.28"]
[SourceVersion "1"]
[SourceVersionDate "2014.12.18"]
[SourceQuality "1"]

1. d4 d5 2. c4 c6 3. e3 Nf6 4. Nc3 e6 5. Nf3 Bd6 6. Bd3 Nbd7 7. O-O O-O 8. Re1
e5 9. dxe5 Nxe5 10. cxd5 cxd5 11. h3 h6 12. Nxe5 Bxe5 13. Qc2 Be6 14. Bf5 Rc8
15. Qd3 Qd7 16. Bxe6 fxe6 17. Bd2 Bxc3 18. bxc3 Rfd8 19. f3 Qc6 20. Qd4 a6 21.
Rab1 b5 22. Red1 Qc7 23. Be1 e5 24. Qh4 e4 25. f4 Qc4 26. Rb2 Qc6 27. g4 Nh7
28. Qe7 Rd7 29. Qe5 Qd6 30. Qd4 Rc4 31. Qd2 Nf8 32. Rb4 Qc6 33. g5 hxg5 34.
fxg5 Qe6 35. Qh2 Ng6 36. Rxc4 bxc4 37. Rb1 Ne5 38. Qg3 Rd8 39. h4 Rf8 40. Bf2
Nd3 41. Rb8 Qf7 42. Rxf8+ Qxf8 43. h5 Qf3 44. Qb8+ Kh7 45. Qh2 Qg4+ 46. Qg3
Qxh5 47. Kg2 Qf3+ 48. Qxf3 exf3+ 49. Kxf3 Nxf2 50. Kxf2 Kg6 51. Kf3 Kxg5 52. e4
Kf6 53. exd5 Ke5 54. d6 Kxd6 55. Ke4 Kc5 56. a4 a5 57. Ke5 g5 58. Kf5 Kd5 0-1

[Event "23. Torneo San Viator"]
[Site "Madrid ESP"]
[Date "2014.10.26"]
[Round "5.30"]
[White "Dominguez Afonso, Ayraldo"]
[Black "Bustos Bernardo, Samuel"]
[Result "0-1"]
[WhiteElo "1571"]
[BlackElo "1826"]
[PlyCount "100"]
[EventDate "2014.09.28"]
[EventType "swiss"]
[EventRounds "9"]
[EventCountry "ESP"]
[SourceTitle "Ajedrez en Madrid"]
[Source "lmi"]
[SourceDate "2014.09.28"]
[SourceVersion "1"]
[SourceVersionDate "2014.12.18"]
[SourceQuality "1"]

1. e4 c5 2. Nf3 d6 3. d4 cxd4 4. Nxd4 Nf6 5. Nc3 a6 6. Bg5 e6 7. Be2 Be7 8. Qd2
Qc7 9. O-O b5 10. a3 Bb7 11. f3 Nbd7 12. Kh1 O-O 13. Rad1 Nb6 14. Nb3 d5 15.
exd5 Nfxd5 16. Nxd5 Nxd5 17. Bxe7 Qxe7 18. Na5 Rac8 19. Nxb7 Qxb7 20. Bd3 Rfd8
21. Be4 Qc7 22. Qf2 Nb6 23. b3 f5 24. Bd3 Nd5 25. f4 Qd6 26. Rfe1 Qxf4 27. Rd2
Qxf2 28. Rxf2 Rc6 29. g3 Nf6 30. Rfe2 Kf7 31. Re5 g6 32. a4 Nd7 33. axb5 Nxe5
34. bxc6 Nxd3 35. cxd3 Rxd3 36. Rc1 Rd8 37. c7 Rc8 38. Rc6 Ke7 39. Kg2 Kd7 40.
Rxa6 Rxc7 41. Rb6 g5 42. h3 h5 43. Rb4 g4 44. hxg4 hxg4 45. Kf2 Kd6 46. Rd4+
Ke5 47. Ke3 Rc3+ 48. Rd3 Rxd3+ 49. Kxd3 Kd5 50. b4 e5 0-1

[Event "23. Torneo San Viator"]
[Site "Madrid ESP"]
[Date "2014.10.26"]
[Round "5.31"]
[White "Ore Leon, Gustavo"]
[Black "Brasa Olmos, Joaquin"]
[Result "1-0"]
[WhiteElo "1785"]
[BlackElo "1527"]
[PlyCount "79"]
[EventDate "2014.09.28"]
[EventType "swiss"]
[EventRounds "9"]
[EventCountry "ESP"]
[SourceTitle "Ajedrez en Madrid"]
[Source "lmi"]
[SourceDate "2014.09.28"]
[SourceVersion "1"]
[SourceVersionDate "2014.12.18"]
[SourceQuality "1"]

1. e4 e5 2. Nf3 Nc6 3. Bb5 Nf6 4. O-O d6 5. h3 Nxe4 6. d4 a6 7. Bxc6+ bxc6 8.
dxe5 d5 9. Re1 Bc5 10. Be3 O-O 11. Nbd2 Bxe3 12. Rxe3 Bf5 13. Nd4 Nxf2 14. Qf3
Nxh3+ 15. gxh3 Qg5+ 16. Kh2 Bd7 17. N2b3 Rae8 18. Rg1 Qh6 19. Nc5 Bc8 20. Ne2
f5 21. Nf4 g5 22. Qg3 g4 23. e6 Kh8 24. Rge1 Qg5 25. h4 Qe7 26. b4 Rf6 27. Kg2
Rh6 28. Rh1 Qd6 29. Rhe1 Qe7 30. h5 Rg8 31. Re5 Rf6 32. Qh4 Qg7 33. e7 Re8 34.
Nfe6 Bxe6 35. Nxe6 Qf7 36. Nxc7 f4 37. Nxe8 f3+ 38. Kf2 Rf4 39. Nd6 g3+ 40.
Qxg3 1-0

[Event "23. Torneo San Viator"]
[Site "Madrid ESP"]
[Date "2014.10.26"]
[Round "5.32"]
[White "Santos Valdivia, Victor Manuel"]
[Black "Lopez Ramirez, Rafael"]
[Result "1-0"]
[WhiteElo "1473"]
[BlackElo "1780"]
[PlyCount "79"]
[EventDate "2014.09.28"]
[EventType "swiss"]
[EventRounds "9"]
[EventCountry "ESP"]
[SourceTitle "Ajedrez en Madrid"]
[Source "lmi"]
[SourceDate "2014.09.28"]
[SourceVersion "1"]
[SourceVersionDate "2014.12.18"]
[SourceQuality "1"]

1. d4 e6 2. e3 Nf6 3. Bd3 d5 4. Nd2 c5 5. c3 Nc6 6. f4 a6 7. Ngf3 c4 8. Bc2 b5
9. Ne5 Bb7 10. O-O g6 11. Ndf3 Bg7 12. Ng5 O-O 13. Qf3 Qe7 14. Bd2 Nd7 15. Qh3
h6 16. Ngf3 Ndxe5 17. fxe5 f5 18. exf6 Rxf6 19. e4 dxe4 20. Bxe4 Raf8 21. Bxh6
Nd8 22. Bxb7 Qxb7 23. Rae1 Qc6 24. Ne5 Rxf1+ 25. Rxf1 Rxf1+ 26. Kxf1 Qe4 27.
Bxg7 Qb1+ 28. Ke2 Qxb2+ 29. Kd1 Qb1+ 30. Ke2 Kxg7 31. Qg3 a5 32. Qg5 Nf7 33.
Qe7 Qxa2+ 34. Ke3 Qxg2 35. Qxf7+ Kh6 36. Qf8+ Kg5 37. Nf3+ Kh5 38. Qh8+ Kg4 39.
Qh4+ Kf5 40. Qf4# 1-0

[Event "23. Torneo San Viator"]
[Site "Madrid ESP"]
[Date "2014.10.26"]
[Round "5.33"]
[White "Tevar Sanz, Gonzalo"]
[Black "Martin Rodriguez, Jose Luis"]
[Result "1-0"]
[WhiteElo "1773"]
[BlackElo "1430"]
[PlyCount "75"]
[EventDate "2014.09.28"]
[EventType "swiss"]
[EventRounds "9"]
[EventCountry "ESP"]
[SourceTitle "Ajedrez en Madrid"]
[Source "lmi"]
[SourceDate "2014.09.28"]
[SourceVersion "1"]
[SourceVersionDate "2014.12.18"]
[SourceQuality "1"]

1. d4 Nf6 2. Bf4 e6 3. e3 c5 4. c3 Nc6 5. Nd2 cxd4 6. exd4 d5 7. Ngf3 Bd6 8.
Bg3 Bxg3 9. hxg3 Qe7 10. Bb5 Bd7 11. Qe2 Rc8 12. Bd3 Qf8 13. Bc2 Ne7 14. Ne5
Ng6 15. Ndf3 Qg8 16. Ng5 Nf8 17. Ngxf7 g6 18. Nd6+ Ke7 19. Nxc8+ Bxc8 20. Qb5
N8d7 21. O-O-O Qe8 22. Qb4+ Kd8 23. Qa5+ Ke7 24. Ba4 Ne4 25. Rde1 Nxf2 26. Qb4+
Kd8 27. Bxd7 Bxd7 28. Rhf1 Rf8 29. Qxb7 Bb5 30. Qa8+ Ke7 31. Qxa7+ Kd8 32. Qb8+
Ke7 33. Qc7+ Bd7 34. Nc6+ Kf7 35. Rxf2+ Kg8 36. Rxf8+ Kxf8 37. Ne5 Ke7 38. Nxd7
1-0

[Event "23. Torneo San Viator"]
[Site "Madrid ESP"]
[Date "2014.10.26"]
[Round "5.35"]
[White "Manso Santamaria, Juan Carlos"]
[Black "Blanco Diez, David"]
[Result "0-1"]
[WhiteElo "1647"]
[BlackElo "1506"]
[PlyCount "60"]
[EventDate "2014.09.28"]
[EventType "swiss"]
[EventRounds "9"]
[EventCountry "ESP"]
[SourceTitle "Ajedrez en Madrid"]
[Source "lmi"]
[SourceDate "2014.09.28"]
[SourceVersion "1"]
[SourceVersionDate "2014.12.18"]
[SourceQuality "1"]

1. f4 d5 2. Nf3 g6 3. e3 Bg7 4. Nc3 Nh6 5. Be2 O-O 6. O-O b6 7. b3 Bb7 8. Bb2
Nd7 9. Na4 Bxb2 10. Nxb2 Nf6 11. c4 c5 12. Ne5 Nf5 13. g4 Nd6 14. Nbd3 Nfe4 15.
f5 f6 16. Nf3 dxc4 17. bxc4 Ba6 18. Nf4 Qd7 19. Rc1 gxf5 20. Nh4 fxg4 21. Bxg4
f5 22. Be2 e5 23. Nd5 Nxc4 24. Bxc4 Bxc4 25. Rxc4 Qxd5 26. d3 Kh8 27. Nxf5 Rg8+
28. Ng3 Nxg3 29. Rf3 Ne4+ 30. Kf1 Nd2+ 0-1

[Event "23. Torneo San Viator"]
[Site "Madrid ESP"]
[Date "2014.10.26"]
[Round "5.36"]
[White "Rosa Ramirez, Victor D"]
[Black "Mosteiro Montoro, Alvaro"]
[Result "0-1"]
[WhiteElo "2023"]
[BlackElo "1586"]
[PlyCount "56"]
[EventDate "2014.09.28"]
[EventType "swiss"]
[EventRounds "9"]
[EventCountry "ESP"]
[SourceTitle "Ajedrez en Madrid"]
[Source "lmi"]
[SourceDate "2014.09.28"]
[SourceVersion "1"]
[SourceVersionDate "2014.12.18"]
[SourceQuality "1"]

1. e4 c5 2. c3 Nc6 3. d4 d6 4. Be3 cxd4 5. cxd4 Nf6 6. Nc3 e6 7. Bd3 Be7 8.
Nge2 Bd7 9. O-O O-O 10. Ng3 a6 11. Kh1 b5 12. f4 b4 13. Na4 e5 14. fxe5 dxe5
15. d5 Nd4 16. b3 Nb5 17. Bxb5 Bxb5 18. Rf5 Bxa4 19. bxa4 Nd7 20. Rc1 Rc8 21.
Rf2 Nf6 22. Rfc2 Rxc2 23. Qxc2 Ng4 24. Bg1 Bg5 25. Rd1 Be3 26. Nf1 Bxg1 27.
Kxg1 Qb6+ 28. Ne3 Qxe3+ 0-1

[Event "23. Torneo San Viator"]
[Site "Madrid ESP"]
[Date "2014.10.26"]
[Round "5.37"]
[White "Garcia Rojas, Juan Carlos"]
[Black "Martos De La Vega, Alvar"]
[Result "0-1"]
[WhiteElo "1562"]
[BlackElo "1951"]
[PlyCount "102"]
[EventDate "2014.09.28"]
[EventType "swiss"]
[EventRounds "9"]
[EventCountry "ESP"]
[SourceTitle "Ajedrez en Madrid"]
[Source "lmi"]
[SourceDate "2014.09.28"]
[SourceVersion "1"]
[SourceVersionDate "2014.12.18"]
[SourceQuality "1"]

1. d4 Nf6 2. c4 g6 3. Nc3 d5 4. e3 Bg7 5. b3 O-O 6. Nf3 c5 7. Bb2 cxd4 8. Nxd4
Qa5 9. Qd2 e5 10. Nc2 d4 11. exd4 exd4 12. b4 Qe5+ 13. Ne2 Qe6 14. Qxd4 Nh5 15.
Qe3 Bxb2 16. Qxe6 Bxe6 17. Rb1 Bg7 18. Ne3 Nc6 19. g3 Nd4 20. Bg2 Nxe2 21. Kxe2
Rae8 22. Kf1 Bc8 23. c5 Nf6 24. h3 Ne4 25. Bxe4 Rxe4 26. Kg2 Be6 27. a3 Rd8 28.
Rbd1 Rdd4 29. Rc1 Rd3 30. c6 bxc6 31. Rxc6 Rexe3 32. fxe3 Bd5+ 33. Kf2 Bxc6 34.
Rc1 Rd6 35. g4 Bb2 36. Rb1 Bxa3 37. Rb3 Rd2+ 38. Ke1 Ra2 39. b5 Bd5 40. Rb1 Rh2
41. Rd1 Rh1+ 42. Kd2 Bb4+ 43. Kc2 Rh2+ 44. Kd3 Bc5 45. Rc1 Bb6 46. Rc8+ Kg7 47.
Re8 Rxh3 48. g5 Be6 49. Ke4 Rxe3+ 50. Kf4 Re1 51. Rb8 Bc7+ 0-1

[Event "23. Torneo San Viator"]
[Site "Madrid ESP"]
[Date "2014.10.26"]
[Round "5.38"]
[White "Fernandez Santos, Nicolas"]
[Black "Linares Leyva, David"]
[Result "0-1"]
[WhiteElo "1430"]
[BlackElo "1841"]
[PlyCount "69"]
[EventDate "2014.09.28"]
[EventType "swiss"]
[EventRounds "9"]
[EventCountry "ESP"]
[SourceTitle "Ajedrez en Madrid"]
[Source "lmi"]
[SourceDate "2014.09.28"]
[SourceVersion "1"]
[SourceVersionDate "2014.12.18"]
[SourceQuality "1"]

1. c4 c5 2. g3 g6 3. Bg2 Bg7 4. Nf3 e6 5. O-O Nc6 6. Nc3 Nge7 7. e3 O-O 8. Rb1
d5 9. cxd5 exd5 10. b3 Bf5 11. Ra1 Bd3 12. Re1 Nb4 13. Bf1 Bc2 14. Qe2 Nd3 15.
Rd1 Bxd1 16. Qxd1 Nxc1 17. Rxc1 d4 18. exd4 cxd4 19. Nb5 a6 20. Na3 Nc6 21. Qc2
Qe7 22. Nc4 Rad8 23. Bg2 Nb4 24. Qb1 Rfe8 25. Re1 Qc7 26. Rxe8+ Rxe8 27. Bf1 b5
28. Nb2 Rc8 29. Nd3 Nxd3 30. Bxd3 Qc1+ 31. Qxc1 Rxc1+ 32. Bf1 Ra1 33. Kg2 Rxa2
34. h4 Ra3 35. d3 0-1

[Event "23. Torneo San Viator"]
[Site "Madrid ESP"]
[Date "2014.10.26"]
[Round "5.39"]
[White "Santos Burkholz, Mario"]
[Black "Navarro Gonzalez, Jaime"]
[Result "0-1"]
[WhiteElo "1426"]
[BlackElo "1761"]
[PlyCount "102"]
[EventDate "2014.09.28"]
[EventType "swiss"]
[EventRounds "9"]
[EventCountry "ESP"]
[SourceTitle "Ajedrez en Madrid"]
[Source "lmi"]
[SourceDate "2014.09.28"]
[SourceVersion "1"]
[SourceVersionDate "2014.12.18"]
[SourceQuality "1"]

1. e4 e5 2. Nf3 Nc6 3. Bb5 a6 4. Ba4 Nf6 5. O-O Be7 6. Re1 b5 7. Bb3 d6 8. h3
O-O 9. c3 Na5 10. Bc2 c5 11. d3 Bb7 12. Nbd2 Qc7 13. Nf1 Rfd8 14. Bg5 h6 15.
Bh4 Nh7 16. Bxe7 Qxe7 17. Ng3 Bc8 18. Bb3 Nxb3 19. Qxb3 Ng5 20. Qd1 a5 21. Qe2
Qf6 22. Nxg5 Qxg5 23. Qe3 Qg6 24. f4 exf4 25. Qxf4 d5 26. Rad1 Be6 27. exd5
Rxd5 28. d4 Rad8 29. Kh2 cxd4 30. Rxd4 Rxd4 31. cxd4 Bxa2 32. Ra1 Qe6 33. Qe5
a4 34. Qxe6 Bxe6 35. Rd1 Bd5 36. Ne2 Rd6 37. Nc3 Bc4 38. Ne4 Re6 39. Nc5 Re2
40. d5 Bxd5 41. Rxd5 Rxb2 42. Rd8+ Kh7 43. Rb8 a3 44. Ra8 b4 45. Nd3 Rb3 46.
Nc5 Rc3 47. Ne4 Rc2 48. Nd6 a2 49. Nb5 b3 50. Nd4 Rxg2+ 51. Kxg2 b2 0-1

[Event "23. Torneo San Viator"]
[Site "Madrid ESP"]
[Date "2014.10.26"]
[Round "5.40"]
[White "Callejas Torres, Alejandro"]
[Black "Estirado De Cabo, Cesar"]
[Result "1/2-1/2"]
[WhiteElo "1638"]
[BlackElo "1404"]
[PlyCount "50"]
[EventDate "2014.09.28"]
[EventType "swiss"]
[EventRounds "9"]
[EventCountry "ESP"]
[SourceTitle "Ajedrez en Madrid"]
[Source "lmi"]
[SourceDate "2014.09.28"]
[SourceVersion "1"]
[SourceVersionDate "2014.12.18"]
[SourceQuality "1"]

1. d4 d5 2. Nf3 Nf6 3. e3 e6 4. Bd3 Nbd7 5. Nbd2 c5 6. c3 Be7 7. O-O O-O 8. Re1
b6 9. e4 dxe4 10. Nxe4 Bb7 11. Ng3 cxd4 12. Nxd4 Nc5 13. Bc2 Qc7 14. Bg5 h6 15.
Bxf6 Bxf6 16. b4 Bxd4 17. Qxd4 Rfd8 18. Qe5 Qxe5 19. Rxe5 Nd7 20. Re3 Rac8 21.
Bb3 Nf6 22. Ne2 Nd5 23. Bxd5 Rxd5 24. Nd4 Rcd8 25. Rae1 R5d7 1/2-1/2

[Event "23. Torneo San Viator"]
[Site "Madrid ESP"]
[Date "2014.10.26"]
[Round "5.41"]
[White "Jimenez Sanchez, Juan Daniel"]
[Black "Alonso Pardo, Daniel"]
[Result "0-1"]
[WhiteElo "1367"]
[BlackElo "1630"]
[PlyCount "72"]
[EventDate "2014.09.28"]
[EventType "swiss"]
[EventRounds "9"]
[EventCountry "ESP"]
[SourceTitle "Ajedrez en Madrid"]
[Source "lmi"]
[SourceDate "2014.09.28"]
[SourceVersion "1"]
[SourceVersionDate "2014.12.18"]
[SourceQuality "1"]

1. d4 d5 2. Nf3 g6 3. c4 c6 4. g3 Bg7 5. Bg2 Nf6 6. O-O O-O 7. Nbd2 Nbd7 8. Re1
Qc7 9. e4 dxe4 10. Nxe4 Nxe4 11. Rxe4 Nb6 12. Bf4 Qd8 13. Qc2 Bf5 14. Rae1 Bxe4
15. Rxe4 Re8 16. Qc1 Nd7 17. Bh6 Nf6 18. Rh4 Bh8 19. Bg5 h5 20. Bh6 Bg7 21. Bg5
Qa5 22. h3 Nh7 23. Bh6 f6 24. d5 cxd5 25. cxd5 Qxa2 26. Bxg7 Kxg7 27. g4 Qxd5
28. gxh5 gxh5 29. Nd4 Qf7 30. Nf5+ Kh8 31. Qh6 Rg8 32. Rxh5 Rg6 33. Qe3 Rxg2+
34. Kxg2 Qxh5 35. Nxe7 Qg5+ 36. Kf1 Qxe3 0-1